[Event "51st Belgrade WGM 2019"]
[Site "Belgrade"]
[Date "2019.03.20"]
[Round "4.5"]
[White "Benderac, Ana"]
[Black "Srdanovic, Jovana"]
[Result "1-0"]
[WhiteElo "2204"]
[BlackElo "2077"]
[Annotator "TA"]
[PlyCount "75"]
[EventDate "2019.03.17"]
[EventType "tourn"]
[EventCountry "SRB"]
[SourceTitle "playchess.com"]
[Source "ChessBase"]
[SourceQuality "1"]

{[%evp 15,75,-22,-13,-42,-29,-40,26,-9,36,13,47,0,31,35,31,32,39,35,46,38,42,36,70,53,51,51,94,95,101,46,79,87,85,85,88,87,137,130,370,143,167,135,168,136,208,152,400,396,419,419,419,411,1798,1783,1698,1552,2043,1977,2554,2519,2062,949]} 1. d4 d5 2. Nf3 Nf6 3. e3 Bf5 4. c4 c6 5. Nc3 e6 6. Nh4 Be4 {D12: Slav Defence: 3 Nf3 Nf6 4 e3 Bf5} 7. Qb3 (7. f3 Bg6 8. Qb3 Qb6 9. Nxg6 hxg6 10. Bd2 Nbd7 11. O-O-O Qxb3 12. axb3 Be7 13. Bd3 Rc8 14. Kb1 a6 15. Ne2 c5 16. cxd5 Nxd5 17. Rc1 O-O {1-0 (42) Nakamura,H (2746)-Harikrishna,P (2729) Kolkata 2018}) 7... Qb6 8. c5 Qc7 {LiveBook: 21 Games. The position is equal.} 9. Nxe4 Nxe4 10. Bd3 Nd7 ({Better is} 10... b6 $15) 11. Qc2 Nef6 $146 ({Predecessor:} 11... f5 12. Nf3 Be7 13. O-O O-O 14. Nd2 Rf6 15. Nxe4 fxe4 16. Be2 Raf8 17. f3 exf3 18. Rxf3 e5 19. Bd2 Rxf3 20. Bxf3 Bg5 21. e4 Bxd2 22. Qxd2 dxe4 23. Bxe4 {½-½ (23) Degenhard,S (2235)-Niermann,T (2315) Wuerzburg 2018}) 12. O-O Be7 13. f4 Ne4 14. Nf3 f5 15. b4 a6 16. Bd2 O-O 17. a4 {[%cal Ba2a4,Ba4b5,Bb5b6][%mdl 32]} h6 18. b5 Nxd2 19. Qxd2 axb5 20. axb5 Rfb8 21. b6 Qd8 22. Qb2 (22. Ra7 $16) 22... Bf6 23. Qb4 Rxa1 24. Rxa1 Qe8 25. Ra7 Qd8 26. Qa4 Qc8 $2 {[#]} (26... Kh8 $16 27. h3 g5) 27. Nd2 $2 (27. Ba6 $1 $18 {and the rest is easy.}) 27... Bd8 28. Qa2 Be7 29. Nb3 Kh8 (29... g5 $16 30. Qe2 Qe8) 30. Qa4 Kg8 $2 {[#]} (30... g5 $16 {keeps fighting.} 31. Qb4 gxf4) 31. Ba6 $1 $18 {[%mdl 512]} bxa6 32. Rc7 Qe8 {Strongly threatening ...Nxb6!} 33. Qxc6 Nf8 (33... Nxb6 $142 34. Qxe8+ (34. Qxe6+ Qf7 $16) 34... Rxe8) 34. Qxe8 {White is clearly winning.} Rxe8 35. b7 Kf7 36. Rc8 Nd7 37. c6 Nb8 38. c7 {Precision: White = 48%, Black = 15%.} (38. Rxe8 $142 Bd6 39. Rc8) 1-0

[Event "51st Belgrade WGM 2019"]
[Site "Belgrade"]
[Date "2019.03.21"]
[Round "5.1"]
[White "Dimitrova, Aleksandra"]
[Black "Michelle Catherina, P."]
[Result "1-0"]
[WhiteElo "2259"]
[BlackElo "2175"]
[Annotator "TA"]
[PlyCount "115"]
[EventDate "2019.03.17"]
[EventType "tourn"]
[EventCountry "SRB"]
[SourceTitle "playchess.com"]
[Source "ChessBase"]
[SourceQuality "1"]

{[%evp 21,115,34,40,33,33,19,26,27,34,32,25,27,27,17,17,17,17,17,17,17,26,17,17,18,17,23,20,20,16,14,17,15,77,49,69,40,46,49,50,33,44,29,29,29,133,61,80,80,80,79,62,62,71,84,85,62,104,24,24,0,104,104,104,139,108,0,0,0,327,316,214,196,578,548,1305,1097,1534,1537,1374,1411,1866,1831,1360,1041,2230,2175,29978,29979,29979,29980,29978,29977,29989,29990,29995,29996]} 1. e4 e5 2. Nf3 Nc6 3. Bb5 a6 4. Ba4 Nf6 5. O-O Nxe4 6. d4 b5 7. Bb3 d5 8. dxe5 Be6 9. Nbd2 Nc5 10. c3 Be7 11. Bc2 d4 12. Nb3 {[%cal Rb3d4] C83: Open Ruy Lopez: 9 c3 Be7} (12. cxd4 {is more complex.} Nxd4 13. Nxd4 Qxd4 14. Nf3 Qxd1 15. Rxd1 O-O 16. Be3) 12... d3 13. Nxc5 dxc2 14. Qxd8+ {White has an edge.} Rxd8 15. Nxe6 fxe6 16. Be3 Rd5 {[#]} 17. Rac1 $146 ({Predecessor:} 17. Rfc1 Nxe5 18. Nxe5 Rxe5 19. Bd4 Rg5 20. Rxc2 {½-½ (99) Carlsen,M (2844)-Ding,L (2766) Wijk aan Zee 2016}) 17... Nxe5 18. Nxe5 Rxe5 19. Rxc2 Kf7 20. c4 b4 21. Rd1 Rd8 22. Rxd8 Bxd8 $11 {[%mdl 4096] Endgame KRB-KRB} 23. Kf1 Bg5 24. Bd4 Ra5 25. b3 Bf6 26. Be3 Bc3 (26... Bg5 $11) 27. Ke2 Kf6 28. Kd3 Rh5 29. h3 Ke5 30. a4 Rf5 31. f4+ Kd6 32. Ke4 g6 (32... c5 $11) 33. Rc1 (33. g4 $16 Rf8 34. Bd2) 33... Rf8 $14 34. Rd1+ Kc6 35. Rd3 Bf6 36. a5 Be7 {[#]} 37. g4 $1 Bd6 38. Rd1 Re8 39. Bd4 (39. h4 $16) 39... Rd8 $11 40. Be3 ({White should try} 40. Rd3 $11) 40... Re8 $16 41. h4 Rg8 42. c5 Be7 {[#]} 43. Ke5 (43. g5 $1 $16) 43... Bxh4 $11 44. g5 $1 {Rh1 is the strong threat.} Rf8 $2 {[%mdl 8192]} (44... h6 $1 $11 {and Black has nothing to worry.}) 45. Rh1 $18 Bg3 46. Rxh7 Rf5+ $2 (46... Re8 {is tougher.} 47. Rg7 Be1) 47. Ke4 e5 {[%cal Re5f4]} 48. Rg7 Kb5 49. Rxg6 Rf8 50. f5 Kxa5 51. f6 Kb5 52. Rg7 a5 53. Rxc7 Bf4 54. Bxf4 {White mates.} exf4 55. f7 a4 56. bxa4+ Ka6 57. g6 f3 58. g7 {Accuracy: White = 62%, Black = 48%.} 1-0

[Event "51st Belgrade WGM 2019"]
[Site "Belgrade"]
[Date "2019.03.21"]
[Round "5.2"]
[White "Chelushkina, Irina"]
[Black "Djukic, Sandra"]
[Result "1-0"]
[WhiteElo "2277"]
[BlackElo "2157"]
[Annotator "TA"]
[PlyCount "101"]
[EventDate "2019.03.17"]
[EventType "tourn"]
[EventCountry "SRB"]
[SourceTitle "playchess.com"]
[Source "ChessBase"]
[SourceQuality "1"]

{[%evp 17,101,9,37,34,38,-16,-12,0,-14,-19,-9,-13,0,-4,-3,0,54,10,51,32,40,45,82,54,67,0,96,88,100,60,50,53,243,263,270,273,263,134,178,87,92,41,60,39,75,37,60,61,54,51,65,51,85,52,146,151,136,90,110,103,88,24,34,24,17,-13,64,14,84,0,0,0,0,0,0,-4,87,-8,214,182,1027,601,632,614,571,558]} 1. e4 e6 2. d3 d5 3. Nd2 c5 4. c3 Nc6 5. Ngf3 Bd6 6. g3 Nge7 7. Bg2 O-O 8. O-O Qc7 9. Re1 f6 10. a3 {A08: King's Indian Attack} d4 11. e5 $146 (11. cxd4 $14 cxd4 12. Nc4) ({Predecessor:} 11. cxd4 cxd4 12. b4 e5 13. Nc4 Be6 14. Bd2 b5 15. Nxd6 Qxd6 16. Nh4 g5 17. Nf3 Ng6 {1-0 (46) Smirnov,A (2432)-Foisor,M (2244) Golden Sands 2012}) 11... Bxe5 $11 12. Nxe5 {The position is equal.} Nxe5 13. cxd4 cxd4 14. Nb3 Bd7 15. Nxd4 Qd6 16. Be3 a6 (16... Nd5 $11) 17. Qb3 N7c6 18. Qb6 Rfd8 19. Nb3 Qxd3 20. Nc5 Qf5 $1 21. Qb3 (21. Rad1 $14 Nc4 22. Qxb7) 21... Bc8 (21... Na5 $11 22. Qc3 Rac8) 22. Red1 $1 $16 {[%mdl 1024] White has strong compensation.} Rf8 23. h3 {Threatens to win with f4.} Nf3+ 24. Kh1 Ng5 $2 (24... Nfd4 $14 25. Rxd4 (25. Bxd4 Nxd4 26. Qc4 Nc6 $14) 25... Qxc5) 25. g4 $18 (25. Nxb7 Rb8 $11) 25... Qg6 {[#]} 26. f4 $1 {[%cal Rf4g5]} ({Inferior is} 26. Nxb7 Rb8 $14) 26... Nf7 27. Kh2 ({Much less strong is} 27. Nxe6 $6 Bxe6 28. Qxe6 Rfe8 $16) ({White should play} 27. Nxb7 $18 Rb8 28. f5 Rxb7 29. Qxb7 (29. fxg6 Rxb3 30. Bc5 hxg6 $11) 29... Bxb7 30. fxg6 hxg6 31. Rac1) 27... f5 28. gxf5 (28. Nxb7 $18 {and White stays clearly on top.} Rb8 29. Bxc6) 28... Qxf5 $16 29. Ne4 (29. Nxb7 $16 {Strongly threatening Nd6.} Bxb7 30. Qxb7) 29... Kh8 30. Rac1 e5 31. Ng3 Qf6 32. Rf1 $1 $36 {[%mdl 2048] White has the initiative.} Qe6 33. Qc3 Bd7 34. f5 Qf6 35. Rcd1 Be8 (35... Nd4 $1 $14) 36. Ne4 Qh4 37. Bf2 Qh6 38. Bc5 Rg8 39. Be3 (39. f6 $16) 39... Qh4 $11 40. Nc5 Rc8 41. Qe1 Qe7 ({Black should try} 41... Qxe1 $1 $11 42. Rfxe1 Nd4 43. Bxd4 exd4) 42. b4 a5 (42... Nb8 $11) 43. b5 (43. bxa5 $16 Nd6 44. Bd5) 43... Ncd8 44. Qxa5 {Hoping for Qb6.} Rxc5 45. Bxc5 Qxc5 46. a4 e4 {[#]} (46... b6 $11 47. Qa8 Qe7) 47. Kh1 (47. Qd2 $1 $16) 47... Nd6 $2 (47... e3 $11 {and Black is okay.} 48. Rd5 Qc4) 48. Qxd8 $18 Nc4 $2 (48... Nxf5 49. Qg5 Bg6 50. Bxe4 Ng3+ 51. Qxg3 Bxe4+ 52. Kh2 Qc4) 49. Qd4 {White is clearly winning.} Qxd4 50. Rxd4 Ne3 51. Rf2 {Accuracy: White = 42%, Black = 27%.} 1-0

[Event "51st Belgrade WGM 2019"]
[Site "Belgrade"]
[Date "2019.03.21"]
[Round "5.3"]
[White "Drljevic, Ljilja"]
[Black "Strutinskaia, Galina"]
[Result "0-1"]
[WhiteElo "2188"]
[BlackElo "2225"]
[Annotator "TA"]
[PlyCount "146"]
[EventDate "2019.03.17"]
[EventType "tourn"]
[EventCountry "SRB"]
[SourceTitle "playchess.com"]
[Source "ChessBase"]
[SourceQuality "1"]

{[%evp 16,146,22,20,8,-4,12,-23,0,-16,-9,-37,0,-38,-17,-42,-22,-43,0,-64,-68,-121,-118,-112,-123,-122,-14,-32,120,-22,-15,-42,0,0,0,0,0,-153,-124,-124,-149,-151,-47,-33,-52,-58,-58,-54,-42,-55,-53,-36,-39,-33,-25,-31,-40,-89,-82,-111,-111,-119,-113,-126,-127,-138,-136,-164,-147,-146,-117,-121,-141,-140,-137,-134,-142,-125,-143,-137,-132,-181,-156,-158,-158,-181,-181,-2359,-1299,-29957,-29953,-29963,-29964,-29964,-29964,-29965,-29964,-29966,-29967,-29968,-29970,-29970,-29970,-29970,-29970,-29964,-29960,-10045,-5081,-3073,-684,-626,-594,-427,-129,-342,0,-29968,-29962,-5065,0,-29970,-29971,-29970,-29972,-29976,-29977,-29978,-29979,-29978,-29980,-29979,0]} 1. e4 c5 2. d3 g6 3. g3 Bg7 4. Bg2 Nc6 5. f4 e6 6. Nf3 Nge7 7. O-O O-O 8. c3 b6 9. Na3 d6 {B20: Sicilian: Unusual White 2nd moves} 10. Nc2 (10. Be3 Bb7 11. Nc2 Qd7 12. Qd2 f5 13. b3 Rae8 14. Rad1 Nd8 15. exf5 exf5 16. c4 Qc8 17. d4 Be4 18. Ng5 Bxg2 19. Qxg2 {1-0 (92) Grigoryan,A (2571)-Melkumyan,H (2625) Yerevan 2014}) 10... Qc7 11. Kh1 $146 ({Predecessor:} 11. Ne3 e5 12. f5 gxf5 13. Nh4 f4 14. Nef5 fxg3 15. Qh5 Nxf5 16. exf5 f6 17. Bd5+ Rf7 18. Ng6 Bb7 19. Bh6 Nd8 20. Be6 {½-½ (20) Ali,M (1750)-Abbot,P (1806) Parramatta 2008}) 11... Ba6 {Black has an edge.} 12. Rg1 Rad8 13. Rb1 Bc8 14. Qe2 Rfe8 15. Qf2 f5 16. exf5 exf5 17. d4 ({White should play} 17. Ne3 $11) 17... Nd5 $15 18. Ng5 (18. Ne3 $15 Nf6 19. d5) 18... Nf6 $17 19. d5 Na5 20. Ne3 c4 (20... h6 $17 21. Nf3 Qf7) 21. g4 Qc5 $2 (21... Nxg4 $15 {keeps the upper hand.} 22. Nxg4 fxg4) 22. Ne6 ({Only move:} 22. gxf5 $1 $16 Bxf5 23. Bd2) 22... Bxe6 $11 23. dxe6 fxg4 24. f5 gxf5 25. Qf4 Qe5 $1 {[%cal Re5f4]} 26. Qg5 $2 ({White should try} 26. Nxf5 $11 Qxf4 27. Bxf4 Rxe6 28. Rgf1) 26... Ne4 $17 27. Bxe4 Qxe4+ {[%mdl 64] Double Attack} (27... fxe4 $2 28. Nf5 $18) 28. Rg2 h6 ({Don't do} 28... Qxe6 29. Bd2 $15) (28... Qxb1 $17 29. Nxf5 Rd7 $1 {[%mdl 512]}) 29. Qxf5 $15 Rxe6 30. Qxg4 Qxg4 31. Rxg4 {Nf5 is the strong threat.} Rf8 32. Bd2 $1 Kh7 33. Rbg1 Rf7 34. Nf5 {[%cal Rg4g7]} Bf8 35. Nd4 Ref6 36. Be3 d5 37. R1g3 Nb7 38. Rh3 Nd6 39. Rh5 Nf5 40. Nxf5 Rxf5 41. Rhh4 Rf1+ 42. Rg1 R7f3 43. Kg2 Rxg1+ 44. Kxf3 $17 {[%mdl 4096] Endgame KRB-KRB} Rf1+ 45. Kg4 Rb1 46. Rh5 Rxb2 47. Rxd5 Rxa2 48. h4 Kg6 49. h5+ Kf7 $1 50. Kf5 Ra5 51. Rxa5 $2 (51. Ke4) 51... bxa5 $19 {[%cal Bb6a5,Ba5a4,Ba4a3][%mdl 32] KB-KB} 52. Ke4 a4 53. Kd5 a3 54. Bc1 a2 55. Bb2 Kf6 56. Kxc4 Kg5 57. Kb3 Kxh5 58. Kxa2 Kg4 59. c4 Bc5 60. Kb3 h5 61. Bf6 Kf5 62. Bh4 a6 (62... Ke6 $142 63. Ka4 Be7) 63. Ka4 Bb6 $1 64. Kb4 Kg4 $2 (64... Ke6 $1 $19 {has better winning chances. Hoping for ...Kd7.} 65. c5 Bc7) 65. Be7 $2 (65. Bf6 $17) 65... h4 $2 (65... Bc7 $1 $19 {Threatens to win with ...h4.} 66. c5 Kf5) 66. Bd6 $2 {[%mdl 8192]} (66. c5 $11 h3 67. Bd6) 66... Bf2 $1 {[%cal Rf2g3]} 67. c5 {[#]} Be1+ $2 ({And not} 67... Bg3 68. Bxg3 Kxg3 69. c6 $11) (67... Kf5 $1 $19 {And now ...Bg3 would win.} 68. Ka5 Ke6 69. Kxa6 h3) 68. Ka4 $2 {[%mdl 8192] [#]} (68. Kc4 $11) 68... Kf5 $1 {Black mates.} ({Stronger than} 68... Bg3 69. Bxg3 hxg3 70. c6 $11) 69. c6 Ke6 70. Bh2 Bg3 71. Bg1 Bc7 72. Bf2 h3 73. Bg1 Ke5 $2 {[%mdl 32768] Accuracy: White = 32%, Black = 54%. . Sensor Board Error (Ke4/e5)?} (73... Kd5 {mates} 74. Kb3 h2 75. Bxh2 Bxh2 76. Kb4 Bc7 77. Kc3 Kxc6 78. Kb4 a5+ 79. Kc4 Bg3 80. Kd3 Kc5 81. Ke3 a4 82. Kd3 Kb4 83. Kd2 a3 84. Kc2 Bc7 85. Kc1 Kb3 86. Kd1 a2 87. Ke1 a1=Q+ 88. Ke2 Qc3 89. Kf2 Qd3 90. Kg2 Qe2+ 91. Kh3 Qf3+ 92. Kh4 Bd8#) 0-1

[Event "51st Belgrade WGM 2019"]
[Site "Belgrade"]
[Date "2019.03.21"]
[Round "5.4"]
[White "Srdanovic, Jovana"]
[Black "Voiska, Margarita"]
[Result "1/2-1/2"]
[WhiteElo "2077"]
[BlackElo "2203"]
[Annotator "TA"]
[PlyCount "49"]
[EventDate "2019.03.17"]
[EventType "tourn"]
[EventCountry "SRB"]
[SourceTitle "playchess.com"]
[Source "ChessBase"]
[SourceQuality "1"]

{[%evp 16,49,37,37,95,78,88,54,74,78,85,42,91,50,41,30,28,5,10,6,15,12,32,31,48,10,18,1,27,3,3,2,2,9,12,9]} 1. d4 Nf6 2. c4 d6 3. Nc3 Nbd7 4. Nf3 e5 5. e4 Be7 6. Be2 O-O 7. Qc2 c6 8. d5 a6 9. O-O c5 {A55: Old Indian Defence with Nf3 and e4} (9... cxd5 $14 10. cxd5 (10. exd5 b5 $14) 10... b5) (9... cxd5 10. Nxd5 Nxd5 11. cxd5 Nf6 12. Bd2 Bg4 13. Rac1 Rc8 14. Qb1 Qd7 15. Rce1 Bh5 16. h3 Bd8 17. b3 {1-0 (61) Mascaro March,P (2395)-Ubilava,E (2482) Benasque 2016}) 10. Ne1 Ne8 $146 ({Predecessor:} 10... h6 11. Nd3 b5 12. cxb5 axb5 13. Nxb5 Nxe4 14. Nxe5 Nxe5 15. Qxe4 f5 16. Qc2 f4 17. f3 Bf5 {1-0 (30) Gonzalez Tedin,A (2161)-Magan Gonzalez,A (1866) Tres Cantos 2013}) 11. g3 g6 {White is slightly better.} 12. Bh6 Ng7 13. Ng2 f5 14. Bd3 fxe4 15. Nxe4 Nf6 16. f3 Nxe4 17. fxe4 Bh3 18. Rxf8+ Qxf8 19. Rf1 Qe8 20. Qd2 Qd7 21. Rf2 Rf8 22. Rxf8+ Bxf8 {The position is equal.} 23. Ne3 Nh5 24. Bxf8 Kxf8 25. Nd1 {Accuracy: White = 28%, Black = 34%.} 1/2-1/2

[Event "51st Belgrade WGM 2019"]
[Site "Belgrade"]
[Date "2019.03.21"]
[Round "5.5"]
[White "Prudnikova, Svetlana"]
[Black "Benderac, Ana"]
[Result "1/2-1/2"]
[WhiteElo "2233"]
[BlackElo "2204"]
[Annotator "TA"]
[PlyCount "44"]
[EventDate "2019.03.17"]
[EventType "tourn"]
[EventCountry "SRB"]
[SourceTitle "playchess.com"]
[Source "ChessBase"]
[SourceQuality "1"]

{[%evp 19,20,46,64]} 1. Nf3 d5 2. d4 Nf6 3. c4 c6 4. Nc3 e6 5. e3 Bd6 6. Bd3 O-O 7. O-O Nbd7 8. e4 dxe4 9. Nxe4 Nxe4 10. Bxe4 Nf6 {Predecessor:} 11. Bc2 $146 b6 12. b3 Bb7 13. Bb2 c5 14. dxc5 Bxc5 15. Ne5 Qxd1 16. Raxd1 Rfd8 17. Rxd8+ Rxd8 18. Rd1 Rxd1+ 19. Bxd1 Bd6 20. f3 Kf8 21. Kf2 Ke7 22. Ke3 g6 {½-½ (31) Mousavi,S (2447)-Mammadov,Z (2452) Konya 2018} 1/2-1/2

[Event "51st Belgrade WGM 2019"]
[Site "Belgrade"]
[Date "2019.03.22"]
[Round "6.1"]
[White "Dimitrova, Aleksandra"]
[Black "Chelushkina, Irina"]
[Result "1/2-1/2"]
[WhiteElo "2259"]
[BlackElo "2277"]
[Annotator "NA"]
[PlyCount "53"]
[EventDate "2019.03.17"]
[EventType "tourn"]
[EventCountry "SRB"]
[SourceTitle "playchess.com"]
[Source "ChessBase"]
[SourceQuality "1"]
[TimeControl "40/5400+30:1800+30"]

1. e4 {[%emt 0:00:00]} c5 {[%emt 0:00:00]} 2. Nf3 {[%emt 0:00:00]} e6 {[%emt 0:00:00]} 3. d4 {[%emt 0:00:00]} cxd4 {[%emt 0:00:00]} 4. Nxd4 {[%emt 0:00:00]} Nf6 {[%emt 0:00:00]} 5. Nc3 {[%emt 0:00:00]} Nc6 {[%emt 0:00:28]} 6. Ndb5 {[%emt 0:00:07]} d6 {[%emt 0:00:05]} 7. Bf4 {[%emt 0:00:05]} e5 {[%emt 0:00:12]} 8. Bg5 {[%emt 0:00:07]} a6 {[%emt 0:00:03]} 9. Na3 {[%emt 0:00:04]} b5 {[%emt 0:00:21]} 10. Nd5 {[%emt 0:00:11]} Be7 {[%emt 0:00:04]} 11. Bxf6 {[%emt 0:00:05]} Bxf6 {[%emt 0:00:03]} 12. c3 {[%emt 0:00:07]} Bg5 {[%emt 0:03:03]} 13. Nc2 {[%emt 0:00:07]} O-O {[%emt 0:00:42]} 14. a4 {[%emt 0:01:40]} bxa4 {[%emt 0:02:36]} 15. Rxa4 {[%emt 0:00:06]} a5 {[%emt 0:00:02]} 16. Bc4 {[%emt 0:11:32]} Rb8 {[%emt 0:02:34]} 17. b3 {[%emt 0:01:34]} Kh8 {[%emt 0:00:27]} 18. h4 {[%emt 0:11:11]} Bh6 {[%emt 0:00:15]} 19. g4 {[%emt 0:01:50]} Bf4 {[%emt 0:00:30]} 20. Nce3 {[%emt 0:04:50]} Bd7 {[%emt 0:03:18]} 21. Ra2 {[%emt 0:06:43]} Be6 {[%emt 0:01:57]} 22. Kf1 {[%emt 0:11:37]} Ne7 {[%emt 0:11:25]} 23. Nxe7 {[%emt 0:10:33]} Qxe7 {[%emt 0:01:24]} 24. Nd5 {[%emt 0:00:27]} Qd7 {[%emt 0:01:37]} 25. f3 {[%emt 0:08:20]} h5 {[%emt 0:03:21]} 26. Rg1 {[%emt 0:02:36]} Qd8 {[%emt 0:03:48]} 27. g5 {[%emt 0:03:29]} 1/2-1/2

[Event "51st Belgrade WGM 2019"]
[Site "Belgrade"]
[Date "2019.03.22"]
[Round "6.2"]
[White "Djukic, Sandra"]
[Black "Drljevic, Ljilja"]
[Result "1/2-1/2"]
[WhiteElo "2157"]
[BlackElo "2188"]
[Annotator "NA"]
[PlyCount "21"]
[EventDate "2019.03.17"]
[EventType "tourn"]
[EventCountry "SRB"]
[SourceTitle "playchess.com"]
[Source "ChessBase"]
[SourceQuality "1"]
[TimeControl "40/5400+30:1800+30"]

1. d4 {[%emt 0:00:26]} d5 {[%emt 0:12:54]} 2. c4 {[%emt 0:00:05]} e6 {[%emt 0:00:18]} 3. Nc3 {[%emt 0:00:17]} Nf6 {[%emt 0:00:26]} 4. Nf3 {[%emt 0:00:44]} Be7 {[%emt 0:00:21]} 5. cxd5 {[%emt 0:00:07]} exd5 {[%emt 0:00:05]} 6. Bg5 {[%emt 0:00:06]} O-O {[%emt 0:00:14]} 7. e3 {[%emt 0:00:10]} c6 {[%emt 0:00:17]} 8. Qc2 {[%emt 0:00:08]} h6 {[%emt 0:00:41]} 9. Bh4 {[%emt 0:00:03]} Ne4 {[%emt 0:00:53]} 10. Bxe7 {[%emt 0:00:05]} Qxe7 {[%emt 0:00:05]} 11. Ng1 {[%emt 1:33:19]} 1/2-1/2

[Event "51st Belgrade WGM 2019"]
[Site "Belgrade"]
[Date "2019.03.22"]
[Round "6.3"]
[White "Strutinskaia, Galina"]
[Black "Srdanovic, Jovana"]
[Result "1-0"]
[WhiteElo "2225"]
[BlackElo "2077"]
[Annotator "NA"]
[PlyCount "65"]
[EventDate "2019.03.17"]
[EventType "tourn"]
[EventCountry "SRB"]
[SourceTitle "playchess.com"]
[Source "ChessBase"]
[SourceQuality "1"]
[TimeControl "40/5400+30:1800+30"]

1. c4 {[%emt 0:00:00]} g6 {[%emt 0:00:03]} 2. d4 {[%emt 0:00:59]} Bg7 {[%emt 0:00:09]} 3. Nc3 {[%emt 0:00:04]} Nf6 {[%emt 0:00:11]} 4. e4 {[%emt 0:00:10]} d6 {[%emt 0:00:05]} 5. Bd3 {[%emt 0:02:55]} O-O {[%emt 0:01:00]} 6. Nge2 {[%emt 0:00:03]} e5 {[%emt 0:01:17]} 7. d5 {[%emt 0:00:29]} Nbd7 {[%emt 0:01:14]} 8. O-O {[%emt 0:01:00]} Nc5 {[%emt 0:08:15]} 9. Bc2 {[%emt 0:00:08]} a5 {[%emt 0:00:05]} 10. Rb1 {[%emt 0:01:21]} Ne8 {[%emt 0:04:44]} 11. a3 {[%emt 0:01:24]} f5 {[%emt 0:06:24]} 12. exf5 {[%emt 0:00:45]} gxf5 {[%emt 0:15:10]} 13. f4 {[%emt 0:01:16]} e4 {[%emt 0:01:18]} 14. Be3 {[%emt 0:00:47]} Nf6 {[%emt 0:01:21]} 15. h3 {[%emt 0:01:55]} Qe7 {[%emt 0:04:48]} 16. Nd4 {[%emt 0:03:31]} Kh8 {[%emt 0:04:24]} 17. b4 {[%emt 0:02:28]} axb4 {[%emt 0:08:57]} 18. axb4 {[%emt 0:00:19]} Ra3 {[%emt 0:00:06]} 19. Ndb5 {[%emt 0:01:51]} Rxc3 {[%emt 0:00:42]} 20. Nxc3 {[%emt 0:00:05]} Ncd7 {[%emt 0:00:43]} 21. Nb5 {[%emt 0:01:48]} Nb8 {[%emt 0:04:04]} 22. c5 {[%emt 0:06:23]} Na6 {[%emt 0:01:52]} 23. cxd6 {[%emt 0:04:01]} cxd6 {[%emt 0:00:05]} 24. Qd2 {[%emt 0:01:45]} Bd7 {[%emt 0:03:22]} 25. Na7 {[%emt 0:01:06]} Nc7 {[%emt 0:01:06]} 26. Bb3 {[%emt 0:00:14]} Qf7 {[%emt 0:13:23]} 27. Rfd1 {[%emt 0:00:58]} Ra8 {[%emt 0:01:54]} 28. Rbc1 {[%emt 0:02:20]} Nb5 {[%emt 0:00:47]} 29. Nxb5 {[%emt 0:03:15]} Bxb5 {[%emt 0:00:04]} 30. Ra1 {[%emt 0:00:11]} Rg8 {[%emt 0:01:27]} 31. Ra7 {[%emt 0:02:13]} Ba6 {[%emt 0:04:32]} 32. Rc1 {[%emt 0:00:20]} Re8 {[%emt 0:03:44]} 33. Ba4 {[%emt 0:02:14]} 1-0

[Event "51st Belgrade WGM 2019"]
[Site "Belgrade"]
[Date "2019.03.22"]
[Round "6.4"]
[White "Voiska, Margarita"]
[Black "Prudnikova, Svetlana"]
[Result "1/2-1/2"]
[WhiteElo "2203"]
[BlackElo "2233"]
[Annotator "NA"]
[PlyCount "22"]
[EventDate "2019.03.17"]
[EventType "tourn"]
[EventCountry "SRB"]
[SourceTitle "playchess.com"]
[Source "ChessBase"]
[SourceQuality "1"]
[TimeControl "40/5400+30:1800+30"]

1. d4 {[%emt 0:00:00]} d5 {[%emt 0:01:07]} 2. c4 {[%emt 0:00:00]} e6 {[%emt 0:00:13]} 3. Nf3 {[%emt 0:00:21]} Nf6 {[%emt 0:00:07]} 4. cxd5 {[%emt 0:00:30]} exd5 {[%emt 0:00:06]} 5. Nc3 {[%emt 0:00:11]} c6 {[%emt 0:00:10]} 6. Bg5 {[%emt 0:00:25]} Be7 {[%emt 0:00:21]} 7. e3 {[%emt 0:00:11]} Bf5 {[%emt 0:00:12]} 8. Bd3 {[%emt 0:00:08]} Bxd3 {[%emt 0:00:10]} 9. Qxd3 {[%emt 0:00:09]} Nbd7 {[%emt 0:00:09]} 10. O-O {[%emt 0:00:08]} O-O {[%emt 0:00:07]} 11. Rab1 {[%emt 0:00:31]} Re8 {[%emt 0:01:08]} 1/2-1/2

[Event "51st Belgrade WGM 2019"]
[Site "Belgrade"]
[Date "2019.03.22"]
[Round "6.5"]
[White "Michelle Catherina, P."]
[Black "Benderac, Ana"]
[Result "1-0"]
[WhiteElo "2175"]
[BlackElo "2204"]
[Annotator "NA"]
[PlyCount "41"]
[EventDate "2019.03.17"]
[EventType "tourn"]
[EventCountry "SRB"]
[SourceTitle "playchess.com"]
[Source "ChessBase"]
[SourceQuality "1"]
[TimeControl "40/5400+30:1800+30"]

1. e4 {[%emt 0:01:42]} c5 {[%emt 0:00:00]} 2. Nf3 {[%emt 0:00:06]} d6 {[%emt 0:00:00]} 3. d4 {[%emt 0:00:05]} cxd4 {[%emt 0:00:00]} 4. Nxd4 {[%emt 0:00:03]} Nf6 {[%emt 0:00:04]} 5. Nc3 {[%emt 0:00:06]} a6 {[%emt 0:00:03]} 6. h3 {[%emt 0:00:06]} e5 {[%emt 0:00:32]} 7. Nb3 {[%emt 0:01:41]} Be6 {[%emt 0:01:09]} 8. f4 {[%emt 0:01:44]} Qc7 {[%emt 0:04:24]} 9. f5 {[%emt 0:08:38]} Bc4 {[%emt 0:03:31]} 10. g4 {[%emt 0:03:07]} h6 {[%emt 0:00:39]} 11. Be3 {[%emt 0:04:11]} Nbd7 {[%emt 0:02:14]} 12. Bg2 {[%emt 0:06:26]} b5 {[%emt 0:01:48]} 13. a3 {[%emt 0:04:59]} Rc8 {[%emt 0:12:47]} 14. Nd2 {[%emt 0:05:42]} d5 {[%emt 0:04:39]} 15. exd5 {[%emt 0:16:18]} b4 {[%emt 0:01:55]} 16. d6 {[%emt 0:05:35]} Qxd6 {[%emt 0:07:44]} 17. axb4 {[%emt 0:08:46]} Bd5 {[%emt 0:09:48]} 18. Bxd5 {[%emt 0:04:22]} Nxd5 {[%emt 0:00:33]} 19. Nde4 {[%emt 0:00:46]} N5f6 {[%emt 0:47:40]} 20. Nd2 Rxc3 {[%emt 0:00:30]} 21. bxc3 {[%emt 0:26:07]} 1-0